| 000 | 00358nam a22001097a 4500 | ||
|---|---|---|---|
| 082 | _a621.3815284 CRA'M | ||
| 100 |
_aCRAWFORD, ROBERT H _979351 |
||
| 245 | _aMOSFET IN CIRCUIT DESIGN METAL OXIDE SEMICONDUCTOR FIELDS EFFECTS TRANSISTORS FOR DISCRETE AND INTEGRATED CIRCUITS TECHNOLOGY | ||
| 260 |
_aNEWYORK _bMCGRAW HILL _c1967 |
||
| 300 | _a146P | ||
| 942 | _cBK | ||
| 999 |
_c584394 _d584394 |
||